2012 Los Angeles Lakers Roster - Statistics

General Stats
  • This quiz has been taken 950 times
  • The average score is 6 of 17
Answer Stats
Answer % Correct
Kobe Bryant
99%
Pau Gasol
91%
Andrew Bynum
72%
Derek Fisher
67%
Metta World Peace
57%
Steve Blake
41%
Ramon Sessions
31%
Jordan Hill
30%
Matt Barnes
26%
Luke Walton
24%
Devin Ebanks
22%
Josh McRoberts
20%
Darius Morris
19%
Andrew Goudelock
15%
Troy Murphy
15%
Jason Kapono
9%
Christian Eyegna
0%
No matching quizzes found
Score Distribution
Percent of People with Each Score
Percentile by Number Answered
Your Score History
You have not taken this quiz